00382pab a2200133 454500008004000000100002000040245009400060260000900154300001400163362000800177650002200185700002200207773001900229180718b2008 xxu||||| |||| 00| 0 eng d aSarathy, Brinda aGuest workers or unauthorized immigrants? The case of forest workers in the united states c2008 ap.95-114. aJun aForest management aCasanova, Vanessa aPolicy Science